[Event "SVK-chT2D 2223"]
[Site "Slovakia"]
[Date "2022.10.09"]
[Round "2.2"]
[White "Belus, Benjamin"]
[Black "Turzak, Milan1111"]
[Result "0-1"]
[WhiteElo "1916"]
[BlackElo "1968"]
[PlyCount "46"]
[EventDate "2022.10.08"]
[EventType "team-tourn"]
[EventRounds "11"]
[EventCountry "SVK"]
[SourceTitle "EXT 2024"]
[Source "ChessBase"]
[SourceDate "2023.10.10"]
[SourceVersion "1"]
[SourceVersionDate "2023.10.10"]
[SourceQuality "1"]
[WhiteTeam "Presov Slavia PU"]
[BlackTeam "Gelnica Slovan"]
[WhiteTeamCountry "SVK"]
[BlackTeamCountry "SVK"]

1. c4 e5 2. g3 Nc6 3. Bg2 Nf6 4. Nc3 Bb4 5. Nd5 0-0 6. e4 a5 7. Ne2 d6 8. h3 Bc5 9. 0-0 Nd4 10. a4 Nxd5 11. cxd5 Qg5 12. Kh2 f5 13. Nxd4 Bxd4 14. d3 f4 15. Bf3 Bxf2 16. g4 Qh4 17. Rg1 Rf6 18. Bd2 Rh6 19. Qf1 Bg3+ 20. Kh1 Qxh3+ 21. Qxh3 Rxh3+ 22. Kg2 Rh2+ 23. Kf1 Rxd2 0-1

[Event "Kezmarok op"]
[Site "Kezmarok"]
[Date "2022.10.01"]
[Round "9"]
[White "Belus, Benjamin"]
[Black "Hanina, Marcel"]
[Result "1-0"]
[WhiteElo "1932"]
[BlackElo "1411"]
[PlyCount "95"]
[EventDate "2022.09.24"]
[EventType "swiss"]
[EventRounds "9"]
[EventCountry "SVK"]
[SourceTitle "CBM 210 Extra"]
[Source "ChessBase"]
[SourceDate "2022.11.30"]
[SourceVersion "1"]
[SourceVersionDate "2022.11.30"]
[SourceQuality "1"]

1. c4 c5 2. g3 Nf6 3. Bg2 g6 4. Nc3 Bg7 5. e3 Nc6 6. d4 cxd4 7. exd4 e6 8. d5 exd5 9. Nxd5 0-0 10. Ne2 Nxd5 11. Bxd5 b6 12. 0-0 Bb7 13. Nf4 Na5 14. Rb1 Bxd5 15. Qxd5 Qc7 16. b3 Nc6 17. Ba3 Rfe8 18. h4 Ne5 19. Rbd1 Qc6 20. Bd6 Qxd5 21. Nxd5 Red8 22. Bc7 Rf8 23. Ne7+ Kh8 24. Bxe5 Bxe5 25. Rxd7 h5 26. Rfd1 Bf6 27. Nc6 a6 28. a4 Kg8 29. Rb7 b5 30. cxb5 axb5 31. Rxb5 Rfc8 32. Rb6 Kg7 33. Rd2 Re8 34. Ra2 Re6 35. a5 Rc8 36. Nb4 Rxb6 37. axb6 Rb8 38. Ra6 Rb7 39. Kf1 Bd4 40. Nd5 Bc5 41. b4 Bd6 42. Ke2 Bf8 43. Kd3 Bd6 44. Kc4 Be5 45. Kb5 Kf8 46. Kc6 Rb8 47. b7 Ke8 48. Ra8 1-0

[Event "Kezmarok op"]
[Site "Kezmarok"]
[Date "2022.09.30"]
[Round "8"]
[White "Belus, Benjamin"]
[Black "Kapolkova, Greta"]
[Result "1/2-1/2"]
[WhiteElo "1932"]
[BlackElo "1723"]
[PlyCount "72"]
[EventDate "2022.09.24"]
[EventType "swiss"]
[EventRounds "9"]
[EventCountry "SVK"]
[SourceTitle "CBM 210 Extra"]
[Source "ChessBase"]
[SourceDate "2022.11.30"]
[SourceVersion "1"]
[SourceVersionDate "2022.11.30"]
[SourceQuality "1"]

1. c4 e5 2. g3 c6 3. Bg2 d5 4. cxd5 cxd5 5. d4 e4 6. e3 Nf6 7. Ne2 Na6 8. a3 h5 9. h4 Nc7 10. Nbc3 Bg4 11. Qa4+ Bd7 12. Qb3 Bc6 13. Bd2 Bd6 14. Rc1 Ng4 15. f3 exf3 16. Bxf3 0-0 17. Nf4 Bxf4 18. gxf4 Qd7 19. Ne2 Rfe8 20. Bxg4 Qxg4 21. Kf2 g6 22. Rcg1 Qe6 23. Ng3 Kh8 24. Qc2 f5 25. Nf1 Nb5 26. Rg2 Nd6 27. Rhg1 Ne4+ 28. Kf3 Rg8 29. Ng3 Nf6 30. Nh1 Kh7 31. Nf2 Rac8 32. Qd1 Qd7 33. Bc3 Qe7 34. Nh3 Ng4 35. Ng5+ Kh6 36. Bd2 Be8 1/2-1/2

[Event "Kezmarok op"]
[Site "Kezmarok"]
[Date "2022.09.28"]
[Round "6"]
[White "Belus, Benjamin"]
[Black "Mirowska, Oliwia"]
[Result "0-1"]
[WhiteElo "1932"]
[BlackElo "1856"]
[PlyCount "62"]
[EventDate "2022.09.24"]
[EventType "swiss"]
[EventRounds "9"]
[EventCountry "SVK"]
[SourceTitle "CBM 210 Extra"]
[Source "ChessBase"]
[SourceDate "2022.11.30"]
[SourceVersion "1"]
[SourceVersionDate "2022.11.30"]
[SourceQuality "1"]

1. c4 d6 2. g3 g6 3. Bg2 Bg7 4. Nc3 c6 5. d4 f5 6. e4 fxe4 7. Nxe4 Nf6 8. Nxf6+ Bxf6 9. Bh6 Qb6 10. Ne2 Qb4+ 11. Qd2 Qxc4 12. 0-0 Bf5 13. Rfd1 Nd7 14. b4 Qf7 15. b5 d5 16. bxc6 bxc6 17. Rac1 Rc8 18. Qa5 Nb6 19. Qxa7 Nc4 20. Qa6 Bd7 21. Rb1 g5 22. f4 Ne3 23. Rd3 Nxg2 24. Kxg2 Qh5 25. Rdb3 Qxh6 26. fxg5 Qxg5 27. Rb7 Bf5 28. Rf1 0-0 29. Nf4 Be4+ 30. Kf2 Bxd4+ 31. Ke1 e5 0-1

[Event "SVK-chT2D 2122"]
[Site "Slovakia"]
[Date "2021.11.13"]
[Round "3.5"]
[White "Koval, Daniel"]
[Black "Belus, Benjamin"]
[Result "1-0"]
[WhiteElo "2023"]
[BlackElo "1924"]
[PlyCount "61"]
[EventDate "2021.10.16"]
[EventType "team-tourn"]
[EventRounds "11"]
[EventCountry "SVK"]
[SourceTitle "EXT 2023"]
[Source "ChessBase"]
[SourceDate "2022.10.05"]
[SourceVersion "1"]
[SourceVersionDate "2022.10.05"]
[SourceQuality "1"]
[WhiteTeam "Presov Tatran Dason"]
[BlackTeam "Kezmarok"]
[WhiteTeamCountry "SVK"]
[BlackTeamCountry "SVK"]

1. c4 e5 2. Nc3 Nf6 3. Nf3 Nc6 4. d4 exd4 5. Nxd4 Be7 6. g3 Nxd4 7. Qxd4 b6 8. Bg2 Rb8 9. h3 Bb7 10. e4 0-0 11. 0-0 d6 12. Be3 Nd7 13. Nd5 Bf6 14. Qd2 Nc5 15. Rac1 Re8 16. f3 a5 17. b3 Ra8 18. Nxf6+ Qxf6 19. Bd4 Qg6 20. g4 h5 21. Kf2 hxg4 22. hxg4 Nxe4+ 23. fxe4 Qxg4 24. Rce1 Bxe4 25. Rxe4 Rxe4 26. Bxe4 Qxe4 27. Qe3 Qc2+ 28. Kg3 Qxa2 29. Qg5 Kf8 30. Qxg7+ Ke7 31. Rxf7+ 1-0

[Event "SVK-ch rapid"]
[Site "Topolcany"]
[Date "2020.07.11"]
[Round "6"]
[White "Belus, Benjamin"]
[Black "Tropp, Frantisek"]
[Result "0-1"]
[WhiteElo "1909"]
[BlackElo "2091"]
[PlyCount "98"]
[EventDate "2020.07.11"]
[EventType "swiss (rapid)"]
[EventRounds "9"]
[EventCountry "SVK"]
[SourceTitle "CBM 197 Extra"]
[Source "ChessBase"]
[SourceDate "2020.09.30"]
[SourceVersion "1"]
[SourceVersionDate "2020.09.30"]
[SourceQuality "1"]

1. c4 e5 2. g3 Nc6 3. Bg2 Nf6 4. e3 d5 5. cxd5 Nxd5 6. Nc3 Nb6 7. Nge2 Be7 8. d4 exd4 9. Nxd4 Nxd4 10. Qxd4 Qxd4 11. exd4 c6 12. d5 cxd5 13. Nxd5 Nxd5 14. Bxd5 Bb4+ 15. Bd2 Bxd2+ 16. Kxd2 0-0 17. Rhe1 Rd8 18. Kc3 Bf5 19. Be4 Rac8+ 20. Kb3 Be6+ 21. Ka3 b6 22. Rac1 g6 23. Rxc8 Rxc8 24. Rd1 Kg7 25. Rd2 Rc5 26. b3 a5 27. Kb2 f5 28. Bg2 b5 29. f4 b4 30. Rc2 Rxc2+ 31. Kxc2 Kf6 32. Kb2 Ke7 33. a3 Kd6 34. axb4 axb4 35. Kc2 Kc5 36. Bf3 Kd4 37. Bd1 Ke3 38. h3 h5 39. Kb2 h4 40. gxh4 Kxf4 41. h5 gxh5 42. Bxh5 Kg3 43. Bd1 f4 44. Kc2 Bxh3 45. Kd3 Bg4 46. Bxg4 Kxg4 47. Ke2 Kg3 48. Kf1 Kf3 49. Ke1 Kg2 0-1

[Event "SVK-ch Amateur"]
[Site "Topolcany"]
[Date "2020.07.10"]
[Round "2"]
[White "Ihnat, Marek1111"]
[Black "Belus, Benjamin"]
[Result "1/2-1/2"]
[WhiteElo "2065"]
[BlackElo "1909"]
[PlyCount "57"]
[EventDate "2020.07.10"]
[EventType "swiss"]
[EventRounds "7"]
[EventCountry "SVK"]
[SourceTitle "EXT 2021"]
[Source "ChessBase"]
[SourceDate "2020.10.23"]
[SourceVersion "1"]
[SourceVersionDate "2020.10.23"]
[SourceQuality "1"]

1. e4 c5 2. Nf3 d6 3. d4 cxd4 4. Nxd4 Nf6 5. Nc3 a6 6. h3 Nc6 7. g4 h6 8. Bg2 e5 9. Nb3 Be6 10. Be3 Be7 11. Qd2 b5 12. 0-0-0 Na5 13. Nxa5 Qxa5 14. Kb1 Rc8 15. f4 Bc4 16. b3 Bxb3 17. cxb3 Qxc3 18. Qe2 0-0 19. g5 Nh5 20. Rc1 Ng3 21. Rxc3 Nxe2 22. Rxc8 Rxc8 23. fxe5 dxe5 24. gxh6 Ba3 25. hxg7 Nc3+ 26. Ka1 Ne2 27. Kb1 Nc3+ 28. Ka1 Ne2 29. Kb1 1/2-1/2

[Event "SVK-chT1E 1819"]
[Site "Slovakia"]
[Date "2018.10.27"]
[Round "1.4"]
[White "Belus, Benjamin"]
[Black "Miciak, Maros"]
[Result "0-1"]
[WhiteElo "1887"]
[BlackElo "2141"]
[PlyCount "158"]
[EventDate "2018.10.27"]
[EventType "team-tourn"]
[EventRounds "11"]
[EventCountry "SVK"]
[SourceTitle "CBM 187 Extra"]
[Source "ChessBase"]
[SourceDate "2018.11.04"]
[SourceVersion "1"]
[SourceVersionDate "2018.11.04"]
[SourceQuality "1"]
[WhiteTeam "Kezmarok"]
[BlackTeam "Kysucke Nove Mesto"]
[WhiteTeamCountry "SVK"]
[BlackTeamCountry "SVK"]

1. Nf3 Nf6 2. g3 c6 3. Bg2 d6 4. d4 Nbd7 5. c4 g6 6. Nc3 Bg7 7. e4 0-0 8. 0-0 Qa5 9. Re1 Nb6 10. Qd3 Bg4 11. Bd2 Qh5 12. b3 Rad8 13. Ne2 e5 14. d5 cxd5 15. cxd5 Nbxd5 16. exd5 e4 17. Nf4 Qf5 18. Nd4 exd3 19. Nxf5 Bxf5 20. Rac1 g5 21. Nh3 h6 22. f4 gxf4 23. Nxf4 Nd7 24. Be4 Bxe4 25. Rxe4 Nc5 26. Re7 Rfe8 27. Rce1 Rxe7 28. Rxe7 Kf8 29. Re1 Re8 30. Rxe8+ Kxe8 31. Kf2 Bd4+ 32. Kf3 f5 33. Bb4 Kd7 34. Bxc5 d2 35. Ke2 dxc5 36. Kxd2 Kd6 37. Kd3 b5 38. a4 a6 39. axb5 axb5 40. b4 Be5 41. bxc5+ Kxc5 42. Ng2 Kxd5 43. Ne3+ Ke6 44. Nc2 Kf6 45. Ke3 Ke6 46. Ke2 Kd5 47. Kd3 h5 48. Ne3+ Ke6 49. Ng2 Kd6 50. Ne3 f4 51. gxf4 Bxf4 52. Nf5+ Kd5 53. Nd4 b4 54. h3 Be5 55. Nb3 Bc3 56. Na5 Bd4 57. Nb3 Ba7 58. Na5 Bb6 59. Nc4 Bf2 60. Na5 Bc5 61. Nb3 Bb6 62. Nd2 Bd4 63. Nb3 Bc3 64. Na5 Ke5 65. Ke3 Bd4+ 66. Kd3 Bc5 67. Nb3 Be7 68. Ke3 Bg5+ 69. Kf3 Kd5 70. Na5 Bd8 71. Nb3 Kc4 72. Nd2+ Kd3 73. Nb3 Bb6 74. Nc1+ Kc2 75. Na2 b3 76. Nb4+ Kd2 77. Nd5 Bc5 78. Nf6 Bb4 79. Nd5 b2 0-1

[Event "SVK-chT2D 1718"]
[Site "Slovakia"]
[Date "2018.02.24"]
[Round "8.5"]
[White "Vrabel, Michal"]
[Black "Belus, Benjamin"]
[Result "1/2-1/2"]
[WhiteElo "2023"]
[BlackElo "1900"]
[PlyCount "191"]
[EventDate "2017.10.28"]
[EventType "team-tourn"]
[EventRounds "11"]
[EventCountry "SVK"]
[SourceTitle "EXT 2019"]
[Source "ChessBase"]
[SourceDate "2018.10.10"]
[SourceVersion "1"]
[SourceVersionDate "2018.10.10"]
[SourceQuality "1"]
[WhiteTeam "Presov Slavia"]
[BlackTeam "Gelnica Slovan"]
[WhiteTeamCountry "SVK"]
[BlackTeamCountry "SVK"]

1. d4 d5 2. c4 e6 3. Nf3 Nf6 4. g3 g6 5. Bg2 Bg7 6. 0-0 0-0 7. Qc2 Nbd7 8. Nc3 c5 9. cxd5 exd5 10. Bg5 Qb6 11. Bxf6 Nxf6 12. Na4 Qc7 13. Qxc5 Qxc5 14. Nxc5 b6 15. Nd3 Ne4 16. Nb4 Bb7 17. Rfc1 Rac8 18. e3 Rfd8 19. Bf1 Bf8 20. Nd3 Bd6 21. Nfe5 Rxc1 22. Rxc1 Rc8 23. Rxc8+ Bxc8 24. Nf4 Bb7 25. h4 f6 26. Nf3 Kf7 27. Bd3 h6 28. Kf1 g5 29. Ne2 Ke7 30. Nc3 Kd7 31. Ke2 a6 32. Nd2 Nxd2 33. Kxd2 b5 34. a3 b4 35. axb4 Bxb4 36. Bf5+ Kd6 37. Kd3 a5 38. Kc2 a4 39. h5 Ba6 40. Bd3 Bc8 41. f3 g4 42. fxg4 Bxg4 43. Bg6 Ke6 44. Nxa4 Be1 45. Nc5+ Kd6 46. Kd3 Bxg3 47. e4 Be1 48. Ke3 dxe4 49. Nxe4+ Ke7 50. Kf4 Bc8 51. Bf5 Bb7 52. Nc3 Bd2+ 53. Kg4 Bc1 54. Nd1 Ba6 55. Kf3 Bc4 56. b4 Bd5+ 57. Ke2 Bf7 58. Bg4 Bc4+ 59. Kf3 Bd5+ 60. Kf2 Kd6 61. Ne3 Be4 62. Bc8 Bd3 63. Ng4 Kc7 64. Be6 Kd6 65. Bc8 Kc7 66. Be6 Kd6 67. Bb3 Bd2 68. Nxf6 Bxb4 69. Ke3 Bb5 70. Ne4+ Kd7 71. Bd1 Ba3 72. Kf4 Ke6 73. Bg4+ Ke7 74. Ke5 Bb2 75. Ng3 Bd3 76. Bf5 Bc4 77. Be4 Be6 78. Bg6 Bc3 79. Ne2 Bb2 80. Nf4 Bb3 81. Nd3 Bc3 82. Nc5 Ba2 83. Na4 Ba1 84. Nb6 Be6 85. Ke4 Bb3 86. d5 Kd6 87. Bf7 Bc2+ 88. Ke3 Kc5 89. Nd7+ Kd6 90. Nb6 Kc5 91. Nc8 Be5 92. Ne7 Bf6 93. Ng8 Bg5+ 94. Kf3 Kd6 95. Kg4 Bh7 96. Nxh6 1/2-1/2

[Event "SVK-chT1E 1718"]
[Site "Slovakia"]
[Date "2017.12.02"]
[Round "5.7"]
[White "Holly, Andrej"]
[Black "Belus, Benjamin"]
[Result "1/2-1/2"]
[WhiteElo "1882"]
[BlackElo "1953"]
[PlyCount "123"]
[EventDate "2017.10.21"]
[EventType "team-tourn"]
[EventRounds "11"]
[EventCountry "SVK"]
[SourceTitle "EXT 2019"]
[Source "ChessBase"]
[SourceDate "2018.10.10"]
[SourceVersion "1"]
[SourceVersionDate "2018.10.10"]
[SourceQuality "1"]
[WhiteTeam "Liptov Chess School II"]
[BlackTeam "Kezmarok"]
[WhiteTeamCountry "SVK"]
[BlackTeamCountry "SVK"]

1. c4 e5 2. Nc3 Nf6 3. g3 Bc5 4. Bg2 0-0 5. d3 c6 6. Nf3 d6 7. Bg5 h6 8. Bxf6 Qxf6 9. 0-0 Qg6 10. Ne4 Nd7 11. Nxc5 Nxc5 12. b4 Ne6 13. c5 Nd4 14. Nxd4 exd4 15. Qc2 Re8 16. Rfe1 Bg4 17. h3 Bd7 18. a4 Re5 19. Qb2 Rh5 20. Qxd4 Bxh3 21. Bf3 Rg5 22. Qxd6 Qxd6 23. cxd6 Rd8 24. b5 Rxd6 25. bxc6 bxc6 26. Rec1 Bd7 27. Rab1 Rd4 28. Rb8+ Kh7 29. Rb7 Ra5 30. Bxc6 Bxc6 31. Rxc6 Rdxa4 32. Rcc7 Ra1+ 33. Kg2 Rf5 34. Rxa7 Rxa7 35. Rxa7 Kg6 36. e4 Rb5 37. Kf3 f5 38. Ra6+ Kg5 39. Ra7 g6 40. Ra6 Kh5 41. Ke3 g5 42. f3 g4 43. fxg4+ Kxg4 44. Rg6+ Kh5 45. Rg8 fxe4 46. Kxe4 Re5+ 47. Kf3 Re3+ 48. Kg2 Re2+ 49. Kf3 Re3+ 50. Kf4 Re4+ 51. Kf5 Re5+ 52. Kf6 Re6+ 53. Kf7 Re7+ 54. Kf6 Re6+ 55. Kg7 Re7+ 56. Kf6 Re6+ 57. Kf5 Re5+ 58. Kf4 Re4+ 59. Kf3 Re3+ 60. Kg2 Re2+ 61. Kf3 Re3+ 62. Kxe3 1/2-1/2

[Event "Plzen op 9th"]
[Site "Plzen"]
[Date "2017.11.21"]
[Round "3"]
[White "Belus, Benjamin"]
[Black "Malinovsky, Petr"]
[Result "0-1"]
[WhiteElo "1953"]
[BlackElo "1996"]
[PlyCount "72"]
[EventDate "2017.11.19"]
[EventType "swiss"]
[EventRounds "7"]
[EventCountry "CZE"]
[SourceTitle "CBM 181 Extra"]
[Source "ChessBase"]
[SourceDate "2017.12.12"]
[SourceVersion "1"]
[SourceVersionDate "2017.12.12"]
[SourceQuality "1"]

1. Nf3 d5 2. g3 e6 3. Bg2 f5 4. 0-0 Bd6 5. c4 c6 6. cxd5 exd5 7. d3 Nf6 8. Nbd2 0-0 9. Nd4 f4 10. N2f3 fxg3 11. fxg3 a6 12. Nh4 Bc5 13. e3 Bg4 14. Qb3 Qb6 15. Qxb6 Bxb6 16. Nhf5 Nbd7 17. h3 Bxf5 18. Nxf5 Rae8 19. Bd2 g6 20. Nd4 Ne5 21. Nb3 Nxd3 22. Na5 Bxe3+ 23. Bxe3 Rxe3 24. Nxb7 Ne4 25. Rxf8+ Kxf8 26. Nd8 c5 27. Ne6+ Ke7 28. Nc7 Kd6 29. Nxa6 Nxb2 30. a4 d4 31. Ra2 Nc4 32. Rc2 d3 33. Bxe4 Rxe4 34. Nxc5 Kxc5 35. Rc3 d2 36. Rd3 Re1+ 0-1

[Event "Brno op 7th"]
[Site "Brno"]
[Date "2017.11.17"]
[Round "8"]
[White "Pawicka, Magdalena"]
[Black "Belus, Benjamin"]
[Result "1-0"]
[WhiteElo "1768"]
[BlackElo "1953"]
[PlyCount "43"]
[EventDate "2017.11.11"]
[EventType "swiss"]
[EventRounds "9"]
[EventCountry "CZE"]
[SourceTitle "CBM 181 Extra"]
[Source "ChessBase"]
[SourceDate "2017.12.12"]
[SourceVersion "1"]
[SourceVersionDate "2017.12.12"]
[SourceQuality "1"]

1. e4 c5 2. Nf3 d6 3. d4 cxd4 4. Nxd4 Nf6 5. Nc3 Nc6 6. Bc4 e6 7. Bb3 Bd7 8. Be3 Na5 9. 0-0 Nxb3 10. axb3 a6 11. f4 g6 12. e5 dxe5 13. fxe5 Nd5 14. Qf3 Qe7 15. Ne4 Nxe3 16. Nd6+ Kd8 17. Qxb7 Rc8 18. Nxc8 Qc5 19. Rfd1 Nxd1 20. Rxd1 Qxc8 21. Nc6+ Ke8 22. Qxc8+ 1-0

[Event "Brno op 7th"]
[Site "Brno"]
[Date "2017.11.12"]
[Round "2"]
[White "Belus, Benjamin"]
[Black "Konyves, Almos"]
[Result "1-0"]
[WhiteElo "1953"]
[BlackElo "1691"]
[PlyCount "35"]
[EventDate "2017.11.11"]
[EventType "swiss"]
[EventRounds "9"]
[EventCountry "CZE"]
[SourceTitle "CBM 181 Extra"]
[Source "ChessBase"]
[SourceDate "2017.12.12"]
[SourceVersion "1"]
[SourceVersionDate "2017.12.12"]
[SourceQuality "1"]

1. Nf3 d5 2. g3 Nf6 3. Bg2 c6 4. 0-0 Bf5 5. c4 e6 6. cxd5 exd5 7. Qb3 Qc7 8. d4 Bd6 9. Nc3 Nbd7 10. Bd2 0-0 11. Rac1 a6 12. Nh4 Be6 13. f4 Nb6 14. f5 Bd7 15. Bg5 Nc4 16. e4 Na5 17. Qd1 Nxe4 18. Nxd5 1-0

[Event "SVK-chT1E 1718"]
[Site "Slovakia"]
[Date "2017.11.04"]
[Round "3.8"]
[White "Verbovsky, Michal"]
[Black "Belus, Benjamin"]
[Result "1/2-1/2"]
[WhiteElo "1901"]
[BlackElo "1953"]
[PlyCount "99"]
[EventDate "2017.10.21"]
[EventType "team-tourn"]
[EventRounds "11"]
[EventCountry "SVK"]
[SourceTitle "CBM 181 Extra"]
[Source "ChessBase"]
[SourceDate "2017.12.12"]
[SourceVersion "1"]
[SourceVersionDate "2017.12.12"]
[SourceQuality "1"]
[WhiteTeam "Sabinov"]
[BlackTeam "Kezmarok"]
[WhiteTeamCountry "SVK"]
[BlackTeamCountry "SVK"]

1. e4 c5 2. Nc3 Nc6 3. f4 d6 4. Nf3 Nf6 5. Bb5 Bd7 6. d3 g6 7. 0-0 Bg7 8. Bd2 a6 9. Bxc6 Bxc6 10. a4 0-0 11. Qe1 Nd7 12. f5 Ne5 13. Qh4 e6 14. Bg5 f6 15. Nxe5 dxe5 16. Be3 c4 17. dxc4 exf5 18. exf5 g5 19. Qf2 Rf7 20. Rfd1 Rd7 21. Bb6 Qe8 22. b3 Qf7 23. Rxd7 Qxd7 24. Rd1 Qf7 25. Nd5 Rc8 26. Qe2 Bf8 27. Nc3 Be7 28. Ne4 Qf8 29. Qd3 Qg7 30. c3 Rf8 31. a5 Rf7 32. Qe3 Bf8 33. Rd8 Rd7 34. Rxd7 Bxd7 35. Bd8 Be7 36. Qb6 Bc6 37. Nc5 Bxc5+ 38. Qxc5 Qd7 39. Bxf6 Qd1+ 40. Kf2 Qd2+ 41. Kf1 Qxg2+ 42. Ke1 Qh1+ 43. Kd2 Qxh2+ 44. Kd1 Qb2 45. Qe3 Qxb3+ 46. Kc1 Qa3+ 47. Kb1 Qb3+ 48. Kc1 Qa3+ 49. Kb1 Qb3+ 50. Kc1 1/2-1/2

[Event "Tatry op"]
[Site "Tatranska Lomnica"]
[Date "2017.10.12"]
[Round "6"]
[White "Belus, Benjamin"]
[Black "Demeter, Peter"]
[Result "0-1"]
[WhiteElo "1941"]
[BlackElo "2206"]
[PlyCount "64"]
[EventDate "2017.10.08"]
[EventType "swiss"]
[EventRounds "9"]
[EventCountry "SVK"]
[SourceTitle "CBM 181 Extra"]
[Source "ChessBase"]
[SourceDate "2017.12.12"]
[SourceVersion "1"]
[SourceVersionDate "2017.12.12"]
[SourceQuality "1"]

1. e4 d6 2. d4 g6 3. g3 Bg7 4. Bg2 c5 5. dxc5 Qa5+ 6. c3 Qxc5 7. Be3 Qc7 8. Ne2 Nf6 9. Na3 a6 10. Nc2 Nc6 11. f4 0-0 12. 0-0 Ng4 13. f5 e6 14. fxg6 hxg6 15. Ned4 Nxe3 16. Nxe3 Nxd4 17. cxd4 Qb6 18. Nc4 Qxd4+ 19. Qxd4 Bxd4+ 20. Kh1 Rd8 21. Rad1 e5 22. b3 Be6 23. Nd2 Rac8 24. Nf3 Rc2 25. Nxd4 exd4 26. Rxd4 Rxa2 27. b4 Rc8 28. e5 dxe5 29. Rd6 b5 30. Bb7 Rcc2 31. Rxa6 Rxa6 32. Bxa6 Bd5+ 0-1